Směřování k rámci finanční stability
Medzinárodný menový fond, na svojom výročnom zasadaní v Hongkongu v septembri 1997, predložil obsiahly dokument Smerovanie k rámcu finančnej stability. Poukazuje na skutočnosť, že pomerne častý výskyt a vysoké straty z porúch v bankovníctve zosilnili volanie po koordinovanej medzinárodnej akcii, kto...
Guardado en:
| Autor principal: | |
|---|---|
| Formato: | Capítulo de libro |
| Lenguaje: | checo |
| Materias: | |
| Etiquetas: |
Sin Etiquetas, Sea el primero en etiquetar este registro!
|
MARC
| LEADER | 00000naa a2200000 4500 | ||
|---|---|---|---|
| 001 | r030746 | ||
| 005 | 20230908085835.6 | ||
| 041 | 0 | |a cze | |
| 044 | |a CZ | ||
| 245 | 1 | 0 | |a Směřování k rámci finanční stability |c Ivan Angelis |
| 520 | |a Medzinárodný menový fond, na svojom výročnom zasadaní v Hongkongu v septembri 1997, predložil obsiahly dokument Smerovanie k rámcu finančnej stability. Poukazuje na skutočnosť, že pomerne častý výskyt a vysoké straty z porúch v bankovníctve zosilnili volanie po koordinovanej medzinárodnej akcii, ktorá by podporila zdravie a stabilitu bankových systémov. Štruktúra, zdroje a charakter dokumentu. Listina kľúčových princípov účinného bankového dohľadu. | ||
| 610 | 2 | 0 | |a Medzinárodný menový fond |
| 610 | 2 | 0 | |a financie medzinárodné |
| 610 | 2 | 0 | |a banky |
| 610 | 2 | 0 | |a kríza banková |
| 610 | 2 | 0 | |a dohľad bankový |
| 610 | 2 | 0 | |a dokumenty |
| 610 | 2 | 0 | |a 1997 |
| 100 | 1 | |a Angelis, Ivan | |